000 00455nam a2200181Ia 4500
008 090123s9999 xx 000 0 und d
082 _b3692
100 _aभैरप्प एस.एल.
245 _aग्रहण
250 _a1
260 _c1974
300 _a273
600 _aभैरप्प एस.एल.
630 _aग्रहण
700 _aभैरप्प एस.एल.
730 _aग्रहण
942 _cBOOK
999 _c41771
_d41771